|
|
|
|
| LEADER |
01346nam a2200289 a 4500 |
| 001 |
15370930 |
| 003 |
BD-DhAAL |
| 008 |
091115s2008 ii b 001 0 eng d |
| 010 |
|
|
|a 2008031586
|
| 020 |
|
|
|a 9788178298481 (paper back)
|
| 040 |
|
|
|a DLC
|c DLC
|d DLC
|d BD-DhAAL
|
| 082 |
0 |
0 |
|a 658.8/1
|2 22
|
| 100 |
1 |
|
|a Venugopal, Pingali,
|d 1958-
|9 58740
|
| 245 |
1 |
0 |
|a Sales and distribution management :
|b an Indian perspective /
|c Pingali Venugopal.
|
| 260 |
|
|
|a New Delhi ;
|a Thousand Oaks, [Calif.] :
|b Response Books, ;
|b Sage Publications,
|c c2008.
|
| 300 |
|
|
|a 330 pages :
|b ill. ;
|c 25cm.
|
| 504 |
|
|
|a Includes bibliographical references ([311]-315) and indexes.
|
| 526 |
|
|
|x Requisitioned by Faculties of BBS
Course name and no : N/A
|
| 541 |
1 |
|
|a Karim International
|e 00019595
|
| 650 |
|
0 |
|a Sales management
|z India
|x Management.
|9 58741
|
| 650 |
|
0 |
|a Physical distribution of goods
|z India
|x Management.
|9 58742
|
| 650 |
|
0 |
|a Marketing channels
|z India
|x Management.
|9 58743
|
| 650 |
|
0 |
|a Management.
|
| 852 |
4 |
|
|a Ayesha Abed Library
|j General Shelf
|
| 942 |
|
|
|2 ddc
|c BK
|
| 999 |
|
|
|c 5525
|d 5525
|
| 952 |
|
|
|0 0
|1 0
|2 ddc
|4 0
|6 658_810000000000000_VEN
|7 0
|9 5400
|a BRACUL
|b BRACUL
|c GEN
|d 2009-11-14
|e Karim Interantional
|g 534.00
|l 1
|o 658.81 VEN
|p 3010019595
|r 2024-02-05
|s 2024-01-29
|t 1
|w 2009-11-15
|y BK
|x Requisitioned by Faculties of BBS. Course name and no. "not available".
|